[Event "21. SCHACHFESTIVAL BASEL 2019 -- GENERAL"]
[Site "?"]
[Date "2019.01.05"]
[Round "6.3"]
[White "Florin, Jon"]
[Black "Mueller, Thomas"]
[Result "1/2-1/2"]
[WhiteElo "1837"]
[BlackElo "1999"]
[PlyCount "38"]
[EventDate "2019.01.02"]

1. d4 Nf6 2. c4 g6 3. Nc3 Bg7 4. e4 d6 5. Nf3 Nbd7 6. Be2 e5 7. O-O O-O 8. Re1
Re8 9. d5 Nc5 10. Bf1 a5 11. h3 Nh5 12. Qc2 Nf4 13. Be3 b6 14. a3 f5 15. Nd2
fxe4 16. Ndxe4 Bf5 17. f3 Rf8 18. b4 Nxe4 19. Nxe4 axb4 1/2-1/2

[Event "21. SCHACHFESTIVAL BASEL 2019 -- GENERAL"]
[Site "?"]
[Date "2019.01.05"]
[Round "6.4"]
[White "Weidt, Frank"]
[Black "Manukonda, Arun"]
[Result "0-1"]
[WhiteElo "1972"]
[BlackElo "1814"]
[PlyCount "62"]
[EventDate "2019.01.02"]

1. Nf3 d5 2. c4 dxc4 3. e4 c5 4. Bxc4 e6 5. Nc3 a6 6. d4 b5 7. Bd3 cxd4 8. Nxd4
Bc5 9. Nb3 Bb6 10. Qg4 Nf6 11. Qf3 Nc6 12. Bf4 e5 13. Bg5 Nb4 14. O-O-O Qc7 15.
Bxf6 Nxa2+ 16. Kd2 Nxc3 17. Bxg7 Nxd1 18. Rxd1 Rg8 19. Qf6 Be6 20. Nc1 Bd4 21.
Ne2 Qa5+ 22. Nc3 Rc8 23. Ke2 Qb4 24. Nd5 Bxd5 25. exd5 e4 26. Qxd4 exd3+ 27.
Rxd3 Qxd4 28. Bxd4 Rxg2 29. Bf6 Rc2+ 30. Ke3 Rcxf2 31. d6 Rxf6 0-1

[Event "21. SCHACHFESTIVAL BASEL 2019 -- GENERAL"]
[Site "?"]
[Date "2019.01.05"]
[Round "6.5"]
[White "Jovanovic, Aleksandar"]
[Black "Gogniat, Michel"]
[Result "0-1"]
[WhiteElo "1780"]
[BlackElo "1993"]
[PlyCount "72"]
[EventDate "2019.01.02"]

1. e4 d5 2. exd5 Nf6 3. d4 Nxd5 4. c4 Nb6 5. Nf3 g6 6. Nc3 Bg7 7. Be3 O-O 8.
Be2 Nc6 9. Qd2 Bg4 10. O-O-O Na5 11. b3 Nc6 12. h3 Bxf3 13. Bxf3 e6 14. g4 a5
15. Bg2 Qe7 16. Nb5 e5 17. d5 Rfd8 18. Bg5 f6 19. Be3 Nc8 20. Qb2 Nb4 21. c5
Bf8 22. Kb1 e4 23. Qd4 Nd3 24. Qxe4 Qxe4 25. Bxe4 Nxc5 26. Bxc5 Bxc5 27. Nxc7
Nd6 28. Nxa8 Nxe4 29. Rc1 Rxa8 30. f3 Nd2+ 31. Kc2 Nxf3 32. Rhf1 Nd4+ 33. Kb2
b6 34. Rxf6 Ne2 35. Rxc5 bxc5 36. Rc6 Nf4 0-1

[Event "21. SCHACHFESTIVAL BASEL 2019 -- GENERAL"]
[Site "?"]
[Date "2019.01.06"]
[Round "7.1"]
[White "Schaub, Marc"]
[Black "Chervet, Olivier"]
[Result "1/2-1/2"]
[WhiteElo "1947"]
[BlackElo "1968"]
[PlyCount "40"]
[EventDate "2019.01.02"]

1. e4 c5 2. Nf3 Nc6 3. Bb5 g6 4. O-O Bg7 5. Re1 e5 6. Nc3 Nge7 7. a4 d6 8. Bc4
O-O 9. d3 h6 10. Nd5 Kh7 11. c3 f5 12. Bd2 a5 13. Ra3 f4 14. d4 cxd4 15. cxd4
Bg4 16. dxe5 Bxf3 17. Qxf3 Nxe5 18. Qe2 Nxd5 19. Bxd5 h5 20. Kh1 Qh4 1/2-1/2

[Event "21. SCHACHFESTIVAL BASEL 2019 -- GENERAL"]
[Site "?"]
[Date "2019.01.06"]
[Round "7.2"]
[White "Manukonda, Arun"]
[Black "Tillmann, Marc"]
[Result "1-0"]
[WhiteElo "1814"]
[BlackElo "1885"]
[PlyCount "81"]
[EventDate "2019.01.02"]

1. Nf3 Nf6 2. g3 b6 3. Bg2 Bb7 4. O-O g6 5. d3 Bg7 6. e4 d6 7. a4 c5 8. Nbd2
O-O 9. Nc4 Nbd7 10. Ne1 a6 11. f4 b5 12. Ne3 Qc7 13. f5 Ne5 14. g4 Nfd7 15. c3
b4 16. d4 cxd4 17. cxd4 Nc4 18. Nxc4 Qxc4 19. Be3 Rac8 20. Rf2 a5 21. Rc1 Qa6
22. Rxc8 Rxc8 23. fxg6 fxg6 24. Bf1 Qa8 25. Qb3+ d5 26. e5 Nb6 27. Bg5 e6 28.
Bf6 Bc6 29. Qh3 Rf8 30. g5 Qe8 31. b3 Rf7 32. Bd3 Nc8 33. Rf4 Bxf6 34. gxf6 Ne7
35. Qxe6 Qd7 36. Qxd7 Bxd7 37. Nf3 h6 38. Kh1 Nf5 39. Bxf5 Bxf5 40. Rh4 Kh7 41.
Ng5+ 1-0

[Event "21. SCHACHFESTIVAL BASEL 2019 -- GENERAL"]
[Site "?"]
[Date "2019.01.06"]
[Round "7.3"]
[White "Mueller, Thomas"]
[Black "Iwanziw, Niklas"]
[Result "1/2-1/2"]
[WhiteElo "1999"]
[BlackElo "1909"]
[PlyCount "29"]
[EventDate "2019.01.02"]

1. d4 g6 2. Nf3 Bg7 3. c4 Nf6 4. Nc3 O-O 5. e4 d6 6. Be2 e5 7. dxe5 dxe5 8.
Qxd8 Rxd8 9. Bg5 Re8 10. Nd5 Nxd5 11. cxd5 c6 12. Bc4 b5 13. Bb3 a5 14. dxc6
Nxc6 15. Bd5 1/2-1/2

[Event "21. SCHACHFESTIVAL BASEL 2019 -- GENERAL"]
[Site "?"]
[Date "2019.01.06"]
[Round "7.4"]
[White "Gogniat, Michel"]
[Black "Beukema, Christiaan"]
[Result "1/2-1/2"]
[WhiteElo "1993"]
[BlackElo "1861"]
[PlyCount "48"]
[EventDate "2019.01.02"]

1. d4 d5 2. Nf3 Nf6 3. c4 e6 4. Nc3 Be7 5. Bg5 h6 6. Bh4 O-O 7. e3 b6 8. cxd5
Nxd5 9. Bxe7 Qxe7 10. Nxd5 exd5 11. Bd3 Be6 12. Rc1 c5 13. O-O c4 14. Bb1 Nd7
15. e4 Rfc8 16. Re1 Qd6 17. e5 Qb4 18. Qc2 g6 19. Qd2 Qf8 20. Rc3 Bg4 21. Qe2
Bxf3 22. Qxf3 Kg7 23. Qf4 Qe7 24. Rg3 Rc6 1/2-1/2

[Event "21. SCHACHFESTIVAL BASEL 2019 -- GENERAL"]
[Site "?"]
[Date "2019.01.06"]
[Round "7.5"]
[White "Florin, Jon"]
[Black "Jud, Marc"]
[Result "1/2-1/2"]
[WhiteElo "1837"]
[BlackElo "1949"]
[PlyCount "28"]
[EventDate "2019.01.02"]

1. d4 Nf6 2. c4 g6 3. Nc3 d5 4. Nf3 Bg7 5. Bg5 c6 6. e3 O-O 7. Bd3 Be6 8. c5 b5
9. b4 a5 10. a3 axb4 11. axb4 Na6 12. Rb1 Nb8 13. Ra1 Na6 14. Qb1 Nb8 1/2-1/2